แสดงรายละเอียดบรรณานุกรม
  กลับหน้าหลัก

Brief Record : Get Marc (ISO 2709) : E-mail record : QR code ปิดหน้าต่าง
สารบัญ Review โดย
ใช้งานได้ทุกระบบ
ห้องสมุด วพบ.ขอนแก่น
ใช้งานได้ทุกระบบ เมื่อ21/มกราคม/2558
  • บทที่ 1 หลักการใช้ห้องปฏิบัติการ
  • บทที่ 2 การวิเคราะห์ผลการตรวจและการอภิปรายวิธีการตรวจทางห้องปฏิบัติการระบบเลือด
  • บทที่ 3 การวิเคราะห์ผลการตรวจและการอภิปรายวิธีการตรวจทางห้องปฏิบัติการระบบหัวใจและหลอดเลือด
  • บทที่ 4 การวิเคราะห์ผลการตรวจและการอภิปรายวิธีการตรวจทางห้องปฏิบัติการระบบทางเดินอาหาร
  • บทที่ 5 การวิเคราะห์ผลการตรวจและการอภิปรายวิธีการตรวจทางห้องปฏิบัติการระบบตับ,น้ำดีและตับอ่อน
  • บทที่ 6 การวิเคราะห์ผลการตรวจและการอภิปรายวิธีการตรวจทางห้องปฏิบัติการระบบหายใจ
  • บทที่ 7 การวิเคราะห์ผลการตรวจและการอภิปรายวิธีการตรวจทางห้องปฏิบัติการระบบประสาท
  • บทที่ 8 การวิเคราะห์ผลการตรวจและการอภิปรายวิธีการตรวจทางห้องปฏิบัติการระบบปัสสาวะ
  • บทที่ 9 การวิเคราะห์ผลการตรวจและการอภิปรายวิธีการตรวจทางห้องปฏิบัติการระบบต่อมไร้ท่อ
  • บทที่ 10 การวิเคราะห์ผลการตรวจและการอภิปรายวิธีการตรวจทางห้องปฏิบัติการระบบอวัยวะสืบพันธุ์
  • บทที่ 11 การตรวจปฏิกิริยาเกี่ยวกับน้ำเหลือง

E-books : เกี่ยวกับ Collections
LEADER 00000nama 2200000uu 4500
001    198290
003     ULIBM
008    040531s|||| th m m a000 0 tha d
020    ^a9789740321767
041    tha
050    QY4 ก541 2551
100    เพ็ญจันท์ สุวรรณแสง โมไนยพงศ์.
245    การวิเคราะห์ผลการตรวจทางห้องปฏิบัติการสำหรับพยาบาล/เพ็ญจันท์ สุวรรณแสง โมไนยพงศ์.
246 0  ^aโรงการผลิตพยาบาลชุมชนฯ.
250    พิมพ์ครั้งที่ 12 (ฉบับปรับปรุง ครั้งที่ 4).
260    2551 กรุงเทพฯ. ภาควิชาพยาบาลศาสตร์,คณะแพทยศาสตร์,โรงพยาบาลรามาธิบดี,มหาวิทยาลัยมหิดล.
300    664 หน้า.
600    I.มหาวิทยาลัยมหิดล,คณะแพทยศาสตร์,โรงพยาบาลรามาธิบดี,ภาควิชาพยาบาลศาสตร์.
650    1.การวินิจฉัยทางห้องปฏิบัติการ--ตำราทางการพยาบาล.
995    001
999    ^aใช้งานได้ทุกระบบ
รายการนี้ยังไม่มีแท็ก
คุณยังไม่ได้ล็อกอิน คุณสามารถมีกิจกรรมร่วมกับเว็บไซต์ได้ แต่ต้องล็อกอินก่อน ::
  ล็อกอิน
ลำดับที่ ประเภท เลขเรียก สถานที่ สถานะ
1. วิทยาศาสตร์สุขภาพ
วิทยาศาสตร์สุขภาพ
QY4 ก541 2551 ฉ.16 
  
วิทยาศาสตร์สุขภาพ On Shelf
  ขอยืม
2. วิทยาศาสตร์สุขภาพ
วิทยาศาสตร์สุขภาพ
สถานะ=หนังสือเก่า - บริการ ณ ห้องสมุด (ห้องเหลือง)
QY4 ก541 2551 ฉ.19 
  
วิทยาศาสตร์สุขภาพ On Shelf
  ขอยืม
3. วิทยาศาสตร์สุขภาพ
วิทยาศาสตร์สุขภาพ
สถานะ=หนังสือเก่า - บริการ ณ ห้องสมุด (ห้องเหลือง)
QY4 ก541 2551 ฉ.22 
  
วิทยาศาสตร์สุขภาพ On Shelf
  ขอยืม
4. วิทยาศาสตร์สุขภาพ
วิทยาศาสตร์สุขภาพ
QY4 ก541 2551 ฉ.25 
  
วิทยาศาสตร์สุขภาพ On Shelf
  ขอยืม
5. วิทยาศาสตร์สุขภาพ
วิทยาศาสตร์สุขภาพ
สถานะ=หนังสือเก่า - บริการ ณ ห้องสมุด (ห้องเหลือง)
QY4 ก541 2551 ฉ.26 
  
วิทยาศาสตร์สุขภาพ On Shelf
  ขอยืม
   [แสดง 5/5 รายการ]

BibComment


ยังไม่เคยถูกคอมเมนท์

คอมเมนท์ทรัพยากรรายการนี้
  คอมเมนท์: การวิเคราะห์ผลการ..
Bib 198290

 
 
 

 Union Library Management : ULibM
Copyright 2026. All Rights Reserved.
скачать бесплатно без регистрации порно красивый секс HD Sex Hindi sex

xxx gou

xxxx

bfxxx

xxxwww

Секса Видео

xxxx

Секса Видео

detube

geilexxx

C99 Shell

worms shell

blod xxx video
Ebony Coed Rihanna Rimes Takes A Dick In Her Young Twat priyaa indian fuck anal and pusssy hardcore indian women xxx desi hardcore fucking part 1 bengalixxxcouple